000 00518nam a22001457a 4500
082 _a004
100 _aAhmed, Jamal
245 _aExploitation and Assessment of Web-Application Vulnerabilities against Data Stealth Attack by Web Crawlers and Scrappers /
_cJamal Ahmed
260 _aIslamabad :
_bMCS - NUST,
_c2017.
300 _a73 p. ;
_c30cm.
650 _aInformation Technology-MS-Thesis
_916355
700 _aDr. Imran Rashid
_935026
942 _2ddc
_cTHE
999 _c540820
_d540820